|
|
|
|
| LEADER |
01633nem a2200397 a 4500 |
| 001 |
001275555 |
| 003 |
CZ BrMZK |
| 005 |
20140116101331.0 |
| 007 |
aj|canzn |
| 008 |
111208s1943 xr ag a 0| ger d |
| 034 |
1 |
|
|a a
|b 10000
|d E0134205
|e E0134527
|f N0500649
|g N0500539
|
| 040 |
|
|
|a BOA001
|b cze
|
| 041 |
0 |
|
|a ger
|b cze
|
| 043 |
|
|
|a e-xr---
|b e-xr-st
|2 czenas
|
| 072 |
|
7 |
|a 913(437)
|x Geografie Česka a Slovenska, reálie, cestování
|2 Konspekt
|9 7
|
| 072 |
|
7 |
|a 912
|x Mapy. Atlasy. Glóby
|2 Konspekt
|9 7
|
| 080 |
|
|
|a (437.312)
|2 MRF
|
| 080 |
|
|
|a (084.3)
|2 MRF
|
| 080 |
|
|
|a (084.3)528.42
|2 MRF
|
| 245 |
0 |
0 |
|a Rakonitz (Rakovník)
|h [kartografický dokument]
|
| 246 |
3 |
1 |
|a Rakovník
|
| 255 |
|
|
|a Měřítko 1:10 000
|c (013°42´05" v.d.--013°45´27" v.d./050°06´49" s.š.--050°05´39" s.š.)
|
| 260 |
|
|
|a Prag :
|b Landesvermessungsamt Böhmen u. Mähren,
|c 1943
|
| 300 |
|
|
|a 1 mapa :
|b barev. ;
|c 22 x 41 cm, na listu 36 x 61 cm
|
| 490 |
1 |
|
|a [Topografické plány měst 1:10 000] ;
|v Rakonitz (Rakovník)
|
| 561 |
|
|
|a Provenience: (razítko) Zeměměřičský úřad Čechy a Morava
|5 CZ-BrMZK
|
| 562 |
|
|
|a Razítko: Důvěrné
|5 CZ-BrMZK
|
| 651 |
|
7 |
|a Rakovník (Česko)
|7 ge130617
|2 czenas
|
| 655 |
|
7 |
|a plány měst
|7 fd133027
|2 czenas
|
| 655 |
|
7 |
|a topografické mapy
|7 fd809173
|2 czenas
|
| 710 |
1 |
|
|a Protektorát Čechy a Morava.
|b Landesvermessungsamt Böhmen und Mähren
|4 pbl
|
| 830 |
|
0 |
|a Topografické plány měst 1:10 000
|
| 856 |
4 |
1 |
|u http://www.digitalniknihovna.cz/mzk/uuid/uuid:60cf9108-1c5b-4901-a77f-4f83ba690a88
|y Digitalizovaný dokument
|
| 910 |
|
|
|a BOA001
|b Mpa-0298.902
|
| 990 |
|
|
|a MP
|
| 991 |
|
|
|b 201301
|